Etica pública y moral social (Registro nro. 8609)
[ vista simple ]
| 000 -CABECERA | |
|---|---|
| Longitud fija campo de control | 01398nam a2200373 c 4500 |
| 001 - NÚMERO DE CONTROL | |
| Número de control | 8609 |
| 003 - IDENTIFICADOR DE NÚMERO DE CONTROL | |
| Identificador del número de control | ES-MaCES |
| 005 - FECHA Y HORA DE LA ÚLTIMA TRANSACCIÓN | |
| Fecha y hora de la última transacción | 20141221121947.0 |
| 008 - CAMPO FIJO DE DESCRIPCIÓN FIJA--INFORMACIÓN GENERAL | |
| Códigos de información de longitud fija | 990330m19951996sp 100 | spa d |
| 017 ## - NÚMERO DE REGISTRO DE DERECHOS DE AUTOR Y DEPÓSITO LEGAL | |
| Número de copyright o de depósito legal | M 16938-1996 |
| Agencia que asigna el número | DL |
| 020 ## - ISBN (INTERNATIONAL STANDARD BOOK NUMBER) | |
| Número Internacional Normalizado para Libros (ISBN) | 8487462235 |
| 035 ## - NÚMERO DE CONTROL DEL SISTEMA | |
| Número de control del sistema | CES19990004790m |
| 040 ## - FUENTE DE CATALOGACIÓN | |
| Centro catalogador de origen | ES-MaCES |
| Lengua de catalogación | spa |
| Centro transcriptor | ES-MaCES |
| 111 2# - ENCABEZAMIENTO PRINCIPAL--NOMBRE DE REUNIÓN | |
| Nombre de congreso o jurisdicción como elemento de entrada | Curso de Verano "Ética Pública y Moral Social" |
| Fecha del congreso | 1995 |
| Sede del congreso | El Escorial |
| 9 (RLIN) | 439 |
| 245 10 - MENCIÓN DE TÍTULO | |
| Título | Etica pública y moral social |
| Mención de responsabilidad, etc. | [curso de verano de la Universidad Complutense, que es patrocinado por la Fundación Diálogos, se celebró en el Escorial en Julio de 1995] ; Luis Nuñez Ladevéze, ed. ; Alvira, R... [et. al] |
| 260 ## - PUBLICACIÓN, DISTRIBUCIÓN, ETC (PIE DE IMPRENTA) | |
| Lugar de publicación, distribución, etc. | Madrid |
| Nombre del editor, distribuidor, etc. | Noesis |
| Fecha de publicación, distribución, etc. | D.L. 1996 |
| 300 ## - DESCRIPCIÓN FÍSICA | |
| Extensión | 239 p. |
| Dimensiones | 21 cm |
| 541 ## - NOTA DE LA FUENTE INMEDIANTE DE ADQUISICIÓN | |
| Forma de adquisición | Gratuito |
| 650 #4 - ASIENTO SECUNDARIO DE MATERIA--TÉRMINO DE MATERIA | |
| Término de materia o nombre geográfico como elemento inicial | ética |
| 9 (RLIN) | 27324 |
| 650 #4 - ASIENTO SECUNDARIO DE MATERIA--TÉRMINO DE MATERIA | |
| Término de materia o nombre geográfico como elemento inicial | norma social |
| 9 (RLIN) | 29391 |
| 650 #4 - ASIENTO SECUNDARIO DE MATERIA--TÉRMINO DE MATERIA | |
| Término de materia o nombre geográfico como elemento inicial | sistema social |
| 9 (RLIN) | 29382 |
| 650 #4 - ASIENTO SECUNDARIO DE MATERIA--TÉRMINO DE MATERIA | |
| Término de materia o nombre geográfico como elemento inicial | responsabilidad moral |
| 9 (RLIN) | 29390 |
| 650 #4 - ASIENTO SECUNDARIO DE MATERIA--TÉRMINO DE MATERIA | |
| Término de materia o nombre geográfico como elemento inicial | comportamiento político |
| 9 (RLIN) | 27237 |
| 650 #4 - ASIENTO SECUNDARIO DE MATERIA--TÉRMINO DE MATERIA | |
| Término de materia o nombre geográfico como elemento inicial | corrupción |
| 9 (RLIN) | 29365 |
| 650 #4 - ASIENTO SECUNDARIO DE MATERIA--TÉRMINO DE MATERIA | |
| Término de materia o nombre geográfico como elemento inicial | economía de mercado |
| 9 (RLIN) | 29377 |
| 650 #4 - ASIENTO SECUNDARIO DE MATERIA--TÉRMINO DE MATERIA | |
| Término de materia o nombre geográfico como elemento inicial | curso de formación |
| 9 (RLIN) | 27464 |
| 653 10 - TÉRMINO DE INDEXACIÓN--NO CONTROLADO | |
| Término no controlado | Ciencias Sociales-Políticas |
| 700 1# - ENCABEZAMIENTO SECUNDARIO--NOMBRE PERSONAL | |
| Nombre de persona | Alvira, Rafael |
| 9 (RLIN) | 6181 |
| 700 1# - ENCABEZAMIENTO SECUNDARIO--NOMBRE PERSONAL | |
| Nombre de persona | Núñez Ladevéze, Luis |
| Término indicativo de función | ed. lit. |
| 9 (RLIN) | 19778 |
| 711 2# - ENCABEZAMIENTO SECUNDARIO--NOMBRE DE REUNIÓN | |
| Nombre de congreso o nombre de jurisdicción como elemento inicial | Cursos de Verano (Universidad Complutense de Madrid) |
| Fecha del congreso | 1995 |
| Sede del congreso | El Escorial |
| 9 (RLIN) | 747 |
| 902 ## - CES. TIPO DE DOCUMENTO | |
| Tipodoc (006$c Sirtex) | LIB Libro |
| 942 ## - ELEMENTOS KOHA | |
| Fuente de clasificaión o esquema | Clasificación propia del CES |
| Koha [por defecto] tipo de item | Monografías |
| Parte de clasificación | 7.0. |
| Número de registro | Signatura completa | Tipo de item de Koha |
|---|---|---|
| 029331 | DPT-10786 | Monografías |
